00574nam a2200205 a 4500001001300000003000900013005001700022008004100039020002300080082001700103100001800120245005600138260005000194300000900244500003500253505001000288650002900298650002300327700001800350nice12345678IN_TiNIC20260116013206.0050524s1994 mina grp 000 0 eng  a0936663 c36800a291.211bKIN aKing, Theresa aDivine Mosaicb Women`s Images of the Sacred Other. aMinnesotabYes International Publishersc1994 a259p aincludes index and biblioraphy2 aNotes aComparative Religion-God aWomen and Religion1 aKing, Theresa